000 00532nam a2200229Ia 4500
003 OSt
005 20221005130933.0
006 a|||||r|||| 00| 0
007 ta
008 221004b |||||||| |||| 00| 0 kan d
024 _a58932
037 _cTextual
040 _aCRL
_cCRL
_bkan
041 _2kan
_akan
082 _aIwN, 33J8
100 _aRao Au.
245 0 _aSasya vijnanigala kathe
260 _c1958
650 _aBOTANY
942 _hIwN, 33J8
_cTEXL
_2cc
999 _c1058862
_d1058862